000 00633nam a2200193Ia 4500
003 IN-BaIIA
005 20250707104739.0
008 211028s9999 xx 000 0 eng d
040 _cIIA Library
080 _a629.19 (047.1)
_bPAA-14
100 _aSzebehely, Victor G.
_95476
245 0 _aCelestial mechanics and astrodynamics
_cVictor G. Szebehely
260 _aNew York
_bAcademic Press
_c1964
300 _axix, 744p.
490 _aProgress in astronautics and aeronautics;
_v14
650 _aAstronomy and Astrophysics Thesaurus
650 _aCelestial Mechanics
942 _cBK
_2ddc
999 _c3081
_d3081